000 00295nam a22001337a 4500
008 180127b xxu||||| |||| 00| 0 eng d
020 _a9781401832995
041 _aeng
080 _a617
100 _a5
101 _aSHK
245 _aSurgical Intstrumentation
_cSedlak, P.K
942 _2udc
_cBK
999 _c41074
_d41074